<?xml version="1.0" encoding="UTF-8"?>
<record
    xmlns:xsi="http://www.w3.org/2001/XMLSchema-instance"
    xsi:schemaLocation="http://www.loc.gov/MARC21/slim http://www.loc.gov/standards/marcxml/schema/MARC21slim.xsd"
    xmlns="http://www.loc.gov/MARC21/slim">

  <leader>00635cam a22002051  4500</leader>
  <controlfield tag="001">sd 19000027 </controlfield>
  <controlfield tag="003">DLC</controlfield>
  <controlfield tag="005">20260227112730.0</controlfield>
  <controlfield tag="008">070910s1917    ne            000 0 dut  </controlfield>
  <datafield tag="010" ind1=" " ind2=" ">
    <subfield code="a">sd 19000027 </subfield>
  </datafield>
  <datafield tag="040" ind1=" " ind2=" ">
    <subfield code="a">DLC</subfield>
    <subfield code="c">DLC</subfield>
    <subfield code="d">DLC</subfield>
  </datafield>
  <datafield tag="043" ind1=" " ind2=" ">
    <subfield code="a">e-ne---</subfield>
  </datafield>
  <datafield tag="050" ind1="0" ind2="0">
    <subfield code="a">D621.N4</subfield>
    <subfield code="b">T7 1917</subfield>
  </datafield>
  <datafield tag="100" ind1="1" ind2=" ">
    <subfield code="a">Treub, M. W. F.</subfield>
    <subfield code="q">(Marie Willem Frederik),</subfield>
    <subfield code="d">1858-1931.</subfield>
  </datafield>
  <datafield tag="245" ind1="1" ind2="0">
    <subfield code="a">Oorlogstijd herinneringen en indrukken,</subfield>
    <subfield code="c">van Mr. W. F. Treub.</subfield>
  </datafield>
  <datafield tag="250" ind1=" " ind2=" ">
    <subfield code="a">2. druk</subfield>
  </datafield>
  <datafield tag="260" ind1=" " ind2=" ">
    <subfield code="a">Amsterdam,</subfield>
    <subfield code="b">Scheltema &amp; Holkema's boekhandel;</subfield>
    <subfield code="c">[etc., etc.] 1917.</subfield>
  </datafield>
  <datafield tag="300" ind1=" " ind2=" ">
    <subfield code="a">xii, 402 p.</subfield>
    <subfield code="c">24 cm.</subfield>
  </datafield>
  <datafield tag="650" ind1=" " ind2="0">
    <subfield code="a">World War, 1914-1918</subfield>
    <subfield code="z">Netherlands.</subfield>
  </datafield>
  <datafield tag="999" ind1=" " ind2=" ">
    <subfield code="c">89700</subfield>
    <subfield code="d">89700</subfield>
  </datafield>
</record>
